Participantes do Campeonato Brasileiro de 2017 - Série A - Statistics

Estatísticas Gerais
  • Esse quiz foi jogado 68 vezes
  • A pontuação média é 19 de 20
Estatísticas das Respostas
Cidade/UF Resposta % Correto
Chapecó/SC Chapecoense
100%
São Paulo/SP Corinthians
100%
Santos/SP Santos
100%
São Paulo/SP São Paulo
100%
Salvador/BA Bahia
98%
Belo Horizonte/MG Cruzeiro
98%
Rio de Janeiro/RJ Flamengo
98%
Rio de Janeiro/RJ Fluminense
98%
Porto Alegre/RS Grêmio
98%
Rio de Janeiro/RJ Vasco da Gama
98%
Belo Horizonte/MG Atlético Mineiro
96%
Rio de Janeiro/RJ Botafogo
96%
Curitiba/PR Coritiba
96%
São Paulo/SP Palmeiras
96%
Goiânia/GO Atlético Goianiense
95%
Curitiba/PR Atlético Paranaense
95%
Recife/PE Sport
95%
Florianópolis/SC Avaí
93%
Salvador/BA Vitória
93%
Campinas/SP Ponte Preta
89%
Nenhum quiz correspondente encontrado
Distribuição das Pontuações
Porcentagem de Pessoas com Cada Pontuação
Percentil de Números Respondidos
Sua Pontuação Histórica
Você não jogou esse quiz